[Event "Corus"]
[Site "Wijk aan Zee"]
[Date "2002.01.27"]
[Round "13"]
[White "Lautier, Joel"]
[Black "Grischuk, Alexander"]
[Result "1/2-1/2"]
[WhiteElo "2687"]
[BlackElo "2671"]
[PlyCount "82"]
[EventDate "2002.01.12"]
[EventType "tourn"]
[EventRounds "13"]
[EventCountry "NED"]
[EventCategory "18"]
[SourceTitle "CBM 087"]
[Source "ChessBase"]
[SourceDate "2002.03.21"]
[SourceVersion "1"]
[SourceVersionDate "2002.03.21"]
[SourceQuality "1"]

1. d4 d5 2. c4 e6 3. Nc3 c5 4. cxd5 exd5 5. Nf3 Nc6 6. g3 Nf6 7. Bg2 Be7 8. O-O O-O 9. Bg5 c4 10. Ne5 Be6 11. Nxc6 bxc6 12. b3 Qa5 13. Qc2 Rfd8 14. e3 Rac8 15. bxc4 dxc4 16. Ne4 Qf5 17. Rac1 c5 18. dxc5 Rd3 19. Bxf6 gxf6 20. Qb2 $146 ({RR} 20. Nd2 Qxc5 21. Nb1 Qe5 22. Rfd1 Bg4 23. Rf1 Be6 24. Rfd1 Bg4 25. Rf1 Be6 {½-½ (25) Burmakin,V (2493)-Dittmar,P (2339) Schwaebisch Gmuend 2001}) ({RR} 20. Nc3 Bxc5 21. Be4 Rxc3 22. Bxf5 Rxc2 23. Bxc2 Ba3 24. Rb1 c3 25. Rb3 Bxb3 26. axb3 Rd8 27. Rd1 Rd2 {½-½ (27) Stern,R (2474)-Rabiega,R (2499) Germany 2002}) ({RR} 20. Nd2 Qxc5 21. Nb1 Qe5 22. Rfd1 Bg4 23. Rf1 Be6 24. Rfd1 Bg4 25. Rf1 Be6 {½-½ (25) Burmakin,V (2493)-Dittmar,P (2339) Schwaebisch Gmuend 2001}) ({RR} 20. Nc3 Bxc5 21. Be4 Rxc3 22. Bxf5 Rxc2 23. Bxc2 Ba3 24. Rb1 c3 25. Rb3 Bxb3 26. axb3 Rd8 27. Rd1 Rd2 {½-½ (27) Stern,R (2474)-Rabiega,R (2499) Germany 2002}) 20... Qe5 21. Qb7 Qc7 22. c6 Bd5 23. Bh3 Qxb7 24. cxb7 Rb8 25. Bf5 Ra3 26. Rfd1 Ra5 27. Rxd5 Rxd5 28. Bc8 f5 29. Nc3 Rc5 30. Kf1 Bf6 31. Ke2 Kf8 32. Rc2 Ke7 33. Kd2 Kd6 34. Rb2 Ra5 35. Kc2 Kc5 36. Bxf5 Bxc3 37. Kxc3 Ra3+ 38. Kc2 c3 39. Rb1 Rxa2+ 40. Kxc3 Rxf2 41. Bxh7 Rxh2 1/2-1/2

[Event "Julian Borowski-A 4th"]
[Site "Essen"]
[Date "2002.05.22"]
[Round "6"]
[White "Zvjaginsev, Vadim"]
[Black "Lutz, Christopher"]
[Result "1/2-1/2"]
[WhiteElo "2645"]
[BlackElo "2644"]
[PlyCount "62"]
[EventDate "2002.05.16"]
[EventType "tourn"]
[EventRounds "9"]
[EventCountry "GER"]
[EventCategory "16"]
[SourceTitle "CBM 090"]
[Source "ChessBase"]
[SourceDate "2002.09.20"]
[SourceVersion "1"]
[SourceVersionDate "2002.09.20"]
[SourceQuality "1"]

1. Nf3 Nf6 2. c4 e6 3. Nc3 c5 4. e3 Nc6 5. d4 d5 6. cxd5 exd5 7. Bb5 Bd6 8. O-O O-O 9. dxc5 Bxc5 10. b3 Bg4 11. Bb2 Rc8 12. Rc1 Bd6 13. Be2 Bb8 14. h3 Bh5 15. Nh4 Qd6 16. g3 Bxe2 17. Nxe2 Rfd8 $146 ({RR} 17... Qe6 18. Kg2 Be5 19. Bxe5 Qxe5 20. Nf3 Qe4 21. Nc3 Qe6 22. Qd3 Ne5 23. Nxe5 Qxe5 24. Rc2 Rfd8 25. Rd1 Qe6 26. Ne2 Rxc2 27. Qxc2 Rc8 28. Qd3 Qe4+ 29. Qxe4 dxe4 30. g4 h6 31. Rd2 g6 32. Ng3 {Karpov,A (2696)-Lautier,J (2632) Monte Carlo 2000 1-0 (93)}) ({RR} 17... Qe6 18. Bxf6 gxf6 19. Nd4 Nxd4 20. Qxd4 Be5 21. Qg4+ Qxg4 22. hxg4 Rfd8 23. Nf5 Rxc1 24. Rxc1 Kf8 25. Kg2 a6 26. f4 Bb8 27. Kf3 Bd6 28. Ke2 Bb8 29. Rh1 Kg8 30. Rh6 Bd6 31. Rxf6 Bf8 32. Rb6 {Petrosyan,M (2443)-Babujian,L (2444) Yerevan 2015 1-0 (48)}) ({RR} 17... Qe6 18. Kg2 Be5 19. Bxe5 Qxe5 20. Nf3 Qe4 21. Nc3 Qe6 22. Qd3 Ne5 23. Nxe5 Qxe5 24. Rc2 Rfd8 25. Rd1 Qe6 26. Ne2 Rxc2 27. Qxc2 Rc8 28. Qd3 Qe4+ 29. Qxe4 dxe4 30. g4 h6 31. Rd2 g6 32. Ng3 {Karpov,A (2696)-Lautier,J (2632) Monte Carlo 2000 1-0 (93)}) ({RR} 17... Qe6 18. Bxf6 gxf6 19. Nd4 Nxd4 20. Qxd4 Be5 21. Qg4+ Qxg4 22. hxg4 Rfd8 23. Nf5 Rxc1 24. Rxc1 Kf8 25. Kg2 a6 26. f4 Bb8 27. Kf3 Bd6 28. Ke2 Bb8 29. Rh1 Kg8 30. Rh6 Bd6 31. Rxf6 Bf8 32. Rb6 {Petrosyan,M (2443)-Babujian,L (2444) Yerevan 2015 1-0 (48)}) 18. Nd4 Ne5 19. Rxc8 Rxc8 20. Ndf3 Qe6 21. Ng5 Qd7 22. f4 Ng6 23. Nxg6 hxg6 24. Qd3 a6 25. Bd4 Ne4 26. Nxe4 dxe4 27. Qxe4 Qxh3 28. Qg2 Qg4 29. Qf3 Qh3 30. Qg2 Qg4 31. Qf3 Qh3 1/2-1/2

[Event "Biel GM"]
[Site "Biel"]
[Date "2001.07.27"]
[Round "5"]
[White "Gelfand, Boris"]
[Black "Grischuk, Alexander"]
[Result "1/2-1/2"]
[WhiteElo "2714"]
[BlackElo "2669"]
[PlyCount "58"]
[EventDate "2001.07.23"]
[EventType "tourn"]
[EventRounds "10"]
[EventCountry "SUI"]
[EventCategory "16"]
[SourceTitle "CBM 085"]
[Source "ChessBase"]
[SourceDate "2001.11.13"]
[SourceVersion "1"]
[SourceVersionDate "2001.11.13"]
[SourceQuality "1"]

1. d4 {Ftacnik,Lubomir Ftacnik,Lubomir Ftacnik,Lubomir Ftacnik,Lubomir} d5 2. c4 e6 3. Nc3 c5 4. cxd5 exd5 5. Nf3 Nc6 6. g3 Nf6 7. Bg2 Be7 8. O-O O-O 9. Bg5 cxd4 10. Nxd4 h6 11. Be3 Re8 12. Rc1 Bf8 ({RR} 12... Be6 13. Nxc6 bxc6 14. Na4 Qa5 15. a3 Rec8 16. Bc5 Bd8 17. Bd4 Ne4 18. e3 Be7 19. Bxe4 dxe4 20. Nc5 Bxc5 21. Rxc5 Qd8 22. Qh5 Bd5 23. b4 a6 24. h4) ({RR} 12... Bb4 13. Nxc6 bxc6 14. a3 Ba5 15. Na4 Bd7 16. Nc5 Bb6 17. b4 Bg4 18. Re1 Rc8 19. Bd4 Nd7 20. Qd3 h5 21. h3 Be6 22. Qc3 Nxc5 23. Bxc5 Qd7 24. Kh2) ({RR} 12... Be6 13. Nxc6 bxc6 14. Na4 Qa5 15. a3 Rec8 16. Bc5 Bd8 17. Bd4 Ne4 18. e3 Be7 19. Bxe4 dxe4 20. Nc5 Bxc5 21. Rxc5 Qd8 22. Qh5 Bd5 23. b4 a6 24. h4) ({RR} 12... Bb4 13. Nxc6 bxc6 14. a3 Ba5 15. Na4 Bd7 16. Nc5 Bb6 17. b4 Bg4 18. Re1 Rc8 19. Bd4 Nd7 20. Qd3 h5 21. h3 Be6 22. Qc3 Nxc5 23. Bxc5 Qd7 24. Kh2) 13. a3 ({RR} 13. Na4 Qa5 ({RR} 13... Ng4 14. Nxc6 bxc6 15. Bd4 Bd7 16. Nc5 Bf5 17. Re1 Qg5 18. e4 dxe4 19. Nxe4 Bxe4 20. Rxe4 Rxe4 21. Bxe4) ({RR} 13... Ng4 14. Nxc6 bxc6 15. Bd4 Bd7 16. Nc5 Bf5 17. Re1 Qg5 18. e4 dxe4 19. Nxe4 Bxe4 20. Rxe4 Rxe4 21. Bxe4) 14. a3 Ne5 15. Bd2 Qd8 16. Qb3 Nc4 17. Rfd1 Nxd2 18. Rxd2 Ne4 19. Rdd1 Qf6 20. Bf3 Ng5 21. Nc3 Nxf3+ 22. Nxf3 Be6 23. Qxb7 Rab8 24. Qxa7) ({RR} 13. Nxc6 bxc6 14. Na4 Bd7 ({RR} 14... Qa5 15. Rxc6 Bd7 16. Bd2 Qb5 17. Rxf6) ({RR} 14... Qa5 15. Rxc6 Bd7 16. Bd2 Qb5 17. Rxf6)) ({RR} 13. Na4 Qa5 14. a3 Ne5 15. Bd2 Qd8 16. Qb3 Nc4 17. Rfd1 Nxd2 18. Rxd2 Ne4 19. Rdd1 Qf6 20. Bf3 Ng5 21. Nc3 Nxf3+ 22. Nxf3 Be6 23. Qxb7 Rab8 24. Qxa7) ({RR} 13. Nxc6 bxc6 14. Na4 Bd7) 13... Bg4 14. h3 Be6 15. Nxc6 bxc6 16. Bd4 ({RR} 16. Na4 Qc8 17. Kh2 Qa6) ({RR} 16. Na4 Qc8 17. Kh2 Qa6) 16... Nh7 ({RR} 16... Bd7 17. Qd3 ({RR} 17. Na4 Ne4) ({RR} 17. Na4 Ne4) 17... Nh7 18. Be3 ({RR} 18. e4 c5) ({RR} 18. e4 c5) 18... Bd6 ({RR} 18... Ng5 19. Bxg5 ({RR} 19. h4 Ne6 20. Rfd1 Rb8) ({RR} 19. h4 Ne6 20. Rfd1 Rb8) 19... Qxg5 ({RR} 19... hxg5 20. Rfd1 ({RR} 20. e4 dxe4 21. Nxe4 Bxh3) ({RR} 20. e4 dxe4 21. Nxe4 Bxh3) 20... Rb8) ({RR} 19... hxg5 20. Rfd1 Rb8) 20. e4 {RR} Qg6 ({RR} 20... Qg6 21. Rfd1) 21. Rfd1) ({RR} 18... Qf6) ({RR} 18... Ng5 19. Bxg5 Qxg5 20. e4) ({RR} 18... Qf6) 19. Rfd1 Be6 ({RR} 19... Qe7 20. Nxd5 cxd5 21. Qxd5) ({RR} 19... Nf8 20. Nxd5 cxd5 21. Qxd5 Be5 22. Qxa8 Qxa8 23. Bxa8 Rxa8 24. Bd4 Bxd4 25. Rxd4 Bxh3 26. g4 h5 27. gxh5) ({RR} 19... Qe7 20. Nxd5 cxd5 21. Qxd5) ({RR} 19... Nf8 20. Nxd5 cxd5 21. Qxd5 Be5 22. Qxa8 Qxa8 23. Bxa8 Rxa8 24. Bd4 Bxd4 25. Rxd4 Bxh3 26. g4 h5 27. gxh5) 20. b4 Nf8 ({RR} 20... Ng5 21. Bxg5 Qxg5 22. e4) ({RR} 20... Qd7 21. b5) ({RR} 20... a5 21. b5 Bxa3 22. bxc6 Bxc1 23. Rxc1) ({RR} 20... Ng5 21. Bxg5 Qxg5 22. e4) ({RR} 20... Qd7 21. b5) ({RR} 20... a5 21. b5 Bxa3 22. bxc6 Bxc1 23. Rxc1) 21. Na4 ({RR} 21. Qa6 Qc8) ({RR} 21. Qa6 Qc8) 21... Ng6 22. Qc3 ({RR} 22. Rxc6 Ne5) ({RR} 22. Rxc6 Ne5) 22... Bd7 23. Nc5 Bxc5 24. Bxc5 Rxe2 25. Be3 Qe7 ({RR} 25... a5 26. b5 ({RR} 26. Qd3 Ra2 27. b5) ({RR} 26. Qd3 Ra2 27. b5) 26... cxb5 27. Bxd5 Rc8 28. Qd3 Rxe3 29. Qxe3) ({RR} 25... a5 26. b5 cxb5 27. Bxd5 Rc8 28. Qd3 Rxe3 29. Qxe3) 26. Bf1 Rxe3 27. Qxe3 Qxe3 28. fxe3 Re8 29. Kf2 Ne5 30. Rc5 Re7 31. e4 {Karpov,A (2725)-Illescas Cordoba,M (2615) Leon 1993 CBM 036 [Ftacnik,Lubomir] 1-0 (36)} {RR} dxe4 ({RR} 31... dxe4 32. Rxe5 Rxe5 33. Rxd7) 32. Rxe5 Rxe5 33. Rxd7) ({RR} 16... c5 17. Bxf6 Qxf6 18. Nxd5 Qxb2 19. Nc7 Rad8 20. Qe1 Re7 21. Qa5) ({RR} 16... Nd7 17. e4 ({RR} 17. b4) ({RR} 17. b4) 17... dxe4 ({RR} 17... c5 18. exd5 cxd4 19. dxe6) ({RR} 17... c5 18. exd5 cxd4 19. dxe6) 18. Nxe4 {RR} Bd5 ({RR} 18... Bd5)) ({RR} 16... Ne4 17. Nxe4 dxe4 18. Bc5 Bxc5 19. Rxc5 Bd5 20. b4) ({RR} 16... Bd7 17. Qd3 Nh7 18. Be3 Bd6 19. Rfd1 Be6 20. b4 Nf8 21. Na4 Ng6 22. Qc3 Bd7 23. Nc5 Bxc5 24. Bxc5 Rxe2 25. Be3 Qe7 26. Bf1 Rxe3 27. Qxe3 Qxe3 28. fxe3 Re8 29. Kf2 Ne5 30. Rc5 Re7 31. e4 {Karpov,A (2725)-Illescas Cordoba,M (2615) Leon 1993 CBM 036 [Ftacnik,Lubomir] 1-0 (36)}) ({RR} 16... c5 17. Bxf6 Qxf6 18. Nxd5 Qxb2 19. Nc7 Rad8 20. Qe1 Re7 21. Qa5) ({RR} 16... Nd7 17. e4 dxe4 18. Nxe4) ({RR} 16... Ne4 17. Nxe4 dxe4 18. Bc5 Bxc5 19. Rxc5 Bd5 20. b4) 17. Na4 $146 ({RR} 17. Be3 Ng5 18. Kh2 Bd6 19. Qd2 Nxh3 20. f4 Qe7 21. Nd1 Qd7 22. f5 Bxf5 23. Bxh6 gxh6 24. Bxh3 Bxh3 25. Qxh6 Bxg3+ {0-1 (25) Epiney,F (2078)-Malysheva,P (2364) Biel 2004}) ({RR} 17. e4 dxe4 18. Nxe4 ({RR} 18. Bxe4 Bxh3 19. Bxc6 Re6 20. Bd5 Bxf1 21. Bxe6 fxe6 22. Kxf1 Qd7) ({RR} 18. Bxe4 Bxh3 19. Bxc6 Re6 20. Bd5 Bxf1 21. Bxe6 fxe6 22. Kxf1 Qd7) 18... Bd5 ({RR} 18... Bxh3 19. Bxh3 Rxe4 20. Be3 ({RR} 20. Bc3 Ng5 21. Bg2 Re6 22. Qa4) ({RR} 20. Bc3 Ng5 21. Bg2 Re6 22. Qa4) 20... Qf6 21. Qc2 Rae8 22. Bd7 R8e7 23. b4 Rxe3 24. fxe3 Qe5 25. Bxc6 Qxg3+ 26. Qg2 Qxe3+ 27. Kh1 Qxa3) ({RR} 18... Bxh3 19. Bxh3 Rxe4 20. Be3 Qf6 21. Qc2 Rae8 22. Bd7 R8e7 23. b4 Rxe3 24. fxe3 Qe5 25. Bxc6 Qxg3+ 26. Qg2 Qxe3+ 27. Kh1 Qxa3) 19. Qd3 ({RR} 19. Nc3 Bxg2 20. Kxg2) ({RR} 19. Nc3 Bxg2 20. Kxg2) 19... Rxe4 20. Bxe4 Ng5 21. Bxd5 ({RR} 21. Bxg7 Bxg7 22. Bxd5 Qxd5 23. Qxd5 cxd5) ({RR} 21. f3 Bxe4 22. fxe4 c5) ({RR} 21. Bxg7 Bxg7 22. Bxd5 Qxd5 23. Qxd5 cxd5) ({RR} 21. f3 Bxe4 22. fxe4 c5) 21... Qxd5 22. Rc3 ({RR} 22. Rfd1 Rd8 ({RR} 22... Nf3+ 23. Kf1 Rd8 24. Be3 ({RR} 24. Qc4 Qxc4+ 25. Rxc4 c5) ({RR} 24. Qc4 Qxc4+ 25. Rxc4 c5) 24... Qxd3+ 25. Rxd3 Rxd3 26. Ke2 Ne5 27. f4 Rb3 28. fxe5 Rxb2+ 29. Kf3) ({RR} 22... Nf3+ 23. Kf1 Rd8 24. Be3 Qxd3+ 25. Rxd3 Rxd3 26. Ke2 Ne5 27. f4 Rb3 28. fxe5 Rxb2+ 29. Kf3)) ({RR} 22. Rfd1 Rd8) 22... Rd8 23. Rd1 Nxh3+ 24. Kf1 ({RR} 24. Kh2 Nxf2 25. Bxf2 Qh5+ 26. Kg2 Rxd3 27. Rdxd3 a5) ({RR} 24. Kh2 Nxf2 25. Bxf2 Qh5+ 26. Kg2 Rxd3 27. Rdxd3 a5) 24... Qh1+ 25. Ke2 Qg2 ({RR} 25... Ng1+ 26. Rxg1 ({RR} 26. Kd2 c5) ({RR} 26. Kd2 c5) 26... Qxg1 27. Rxc6 Qh1) ({RR} 25... Ng1+ 26. Rxg1 Qxg1 27. Rxc6 Qh1) 26. Qe3 ({RR} 26. b4 a5 27. Qc4 Re8+ 28. Kd2 axb4 29. axb4 Nxf2) ({RR} 26. b4 a5 27. Qc4 Re8+ 28. Kd2 axb4 29. axb4 Nxf2) 26... Rd6 27. Rc5 ({RR} 27. Bc5 Rxd1 ({RR} 27... Re6 28. Qxe6 fxe6 29. Rd8 Ng1+) ({RR} 27... Re6 28. Qxe6 fxe6 29. Rd8 Ng1+) 28. Kxd1 Bxc5 29. Rxc5 Nxf2+ 30. Ke1 Nd3+ 31. Qxd3 Qg1+ 32. Kd2 Qxc5) ({RR} 27. Bc5 Rxd1 28. Kxd1 Bxc5 29. Rxc5 Nxf2+ 30. Ke1 Nd3+ 31. Qxd3 Qg1+ 32. Kd2 Qxc5) 27... Ng1+ 28. Kd2 ({RR} 28. Rxg1 Qxg1 29. Qe4 Rd7 30. Qg4 Rd8 31. Rxc6 Qb1) ({RR} 28. Rxg1 Qxg1 29. Qe4 Rd7 30. Qg4 Rd8 31. Rxc6 Qb1) 28... Nf3+ 29. Kc3 Re6 ({RR} 29... Nxd4 30. Rxd4 Rf6 31. Rf4 Bxc5 32. Qxc5 Rxf4 33. gxf4 Qf3+) ({RR} 29... Nxd4 30. Rxd4 Rf6 31. Rf4 Bxc5 32. Qxc5 Rxf4 33. gxf4 Qf3+) 30. Qd3 Nxd4 31. Qxd4 Rd6 {Zhao,X (2470)-Petrosian,T (2581) Tiayuan 2005 CBM 108 [Ftacnik,Lubomir] 0-1 (44)} {RR} 32. Qg4 ({RR} 32. Qg4 Rxd1 33. Qxd1 Bxc5) 32... Rxd1 33. Qxd1 Bxc5) ({RR} 17. Be3 Ng5 18. Kh2 Bd6 19. Qd2 Nxh3 20. f4 Qe7 21. Nd1 Qd7 22. f5 Bxf5 23. Bxh6 gxh6 24. Bxh3 Bxh3 25. Qxh6 Bxg3+ {0-1 (25) Epiney,F (2078)-Malysheva,P (2364) Biel 2004}) ({RR} 17. e4 dxe4 18. Nxe4 Bd5 19. Qd3 Rxe4 20. Bxe4 Ng5 21. Bxd5 Qxd5 22. Rc3 Rd8 23. Rd1 Nxh3+ 24. Kf1 Qh1+ 25. Ke2 Qg2 26. Qe3 Rd6 27. Rc5 Ng1+ 28. Kd2 Nf3+ 29. Kc3 Re6 30. Qd3 Nxd4 31. Qxd4 Rd6 {Zhao,X (2470)-Petrosian,T (2581) Tiayuan 2005 CBM 108 [Ftacnik,Lubomir] 0-1 (44)}) 17... Qd7 18. h4 Bf5 19. Re1 Be4 20. Bc5 Bxg2 21. Kxg2 Re4 22. e3 Qf5 23. Bxf8 Nxf8 24. Nc5 Re5 25. Nd3 Re6 26. Nf4 Rf6 27. Qd3 Qg4 28. f3 Qd7 29. e4 dxe4 1/2-1/2

[Event "Biel GM"]
[Site "Biel"]
[Date "2001.07.31"]
[Round "8"]
[White "Lautier, Joel"]
[Black "Grischuk, Alexander"]
[Result "1/2-1/2"]
[WhiteElo "2675"]
[BlackElo "2669"]
[PlyCount "56"]
[EventDate "2001.07.23"]
[EventType "tourn"]
[EventRounds "10"]
[EventCountry "SUI"]
[EventCategory "16"]
[SourceTitle "CBM 085"]
[Source "ChessBase"]
[SourceDate "2001.11.13"]
[SourceVersion "1"]
[SourceVersionDate "2001.11.13"]
[SourceQuality "1"]

1. d4 d5 2. c4 e6 3. Nc3 c5 4. cxd5 exd5 5. Nf3 Nc6 6. g3 Nf6 7. Bg2 Be7 8. O-O O-O 9. Bg5 cxd4 10. Nxd4 h6 11. Be3 Re8 12. Qa4 Na5 13. Rad1 Nc4 14. Bc1 Bd7 15. Qb3 Na5 16. Qc2 Bb4 17. Nxd5 Nxd5 18. a3 $146 ({RR} 18. Bxd5 Bh3 19. e4 Bxf1 20. Kxf1 Rc8 21. Qd3 Qf6 22. Bf4 Nc6 23. Nf5 Bf8 24. Nd6 Bxd6 25. Bxd6 Red8 26. Ba3 Ne5 27. Qe2 Nc4 28. Rd3 Nxa3 29. Rxa3 Rc1+ 30. Kg2 Qe7 31. Qh5 b6 32. Rf3 Rf8 {Zude,E (2406)-Stewart,N (2300) Germany 2010 ½-½ (42)}) ({RR} 18. Bxd5 Bh3 19. e4 Bxf1 20. Kxf1 Rc8 21. Qd3 Qf6 22. Bf4 Nc6 23. Nf5 Bf8 24. Nd6 Bxd6 25. Bxd6 Red8 26. Ba3 Ne5 27. Qe2 Nc4 28. Rd3 Nxa3 29. Rxa3 Rc1+ 30. Kg2 Qe7 31. Qh5 b6 32. Rf3 Rf8 {Zude,E (2406)-Stewart,N (2300) Germany 2010 ½-½ (42)}) 18... Rc8 19. Qd3 Ba4 20. b3 Nc3 21. bxa4 Nxd1 22. axb4 Rxc1 23. bxa5 Nb2 24. Qb5 Rxf1+ 25. Kxf1 Nd1 26. Qd3 Nb2 27. Qb5 Nd1 28. Qd3 Nb2 1/2-1/2

[Event "Bundesliga 0102"]
[Site "Germany"]
[Date "2002.02.23"]
[Round "8.1"]
[White "Speelman, Jonathan S"]
[Black "Luther, Thomas"]
[Result "0-1"]
[WhiteElo "2603"]
[BlackElo "2604"]
[PlyCount "66"]
[EventDate "2001.10.06"]
[EventType "team-tourn"]
[EventRounds "15"]
[EventCountry "GER"]
[SourceTitle "EXT 2003"]
[Source "ChessBase"]
[SourceDate "2002.11.25"]
[SourceVersion "1"]
[SourceVersionDate "2002.11.25"]
[SourceQuality "1"]
[WhiteTeam "Luebeck"]
[BlackTeam "Erfurt SK"]
[WhiteTeamCountry "GER"]
[BlackTeamCountry "GER"]

1. c4 e6 2. Nf3 d5 3. b3 Nf6 4. Bb2 Be7 5. g3 O-O 6. Bg2 c5 7. cxd5 exd5 8. d4 Nc6 9. O-O Ne4 10. Nc3 Bf6 11. Na4 b6 12. Rc1 Re8 13. dxc5 Bxb2 14. Nxb2 bxc5 15. Nd2 Qf6 16. Na4 Ba6 17. Nxe4 dxe4 18. Qd2 Rad8 19. Qe3 Nd4 20. Rfe1 c4 21. bxc4 Qe5 $146 ({RR} 21... Qc6 22. Nc3 Bxc4 23. Bxe4 Qa6 24. Rcd1 Nxe2+ 25. Nxe2 Rxd1 26. Rxd1 Bxe2 27. Rd7 Qc8 28. Qd2 {½-½ (28) Miguel Lago,V (2280)-Outerelo Ucha,M (2255) Pontevedra 1992}) ({RR} 21... Qc6 22. Qa3 Rc8 23. Nb2 f5 24. Qc3 Red8 25. Bf1 Bb7 26. Bg2 Qh6 27. Rcd1 Qf6 {½-½ (27) Kristiansen,T (1810)-Byklum,B (2309) Fagernes 2013}) ({RR} 21... Qc6 22. Nc3 Bxc4 23. Bxe4 Qa6 24. Rcd1 Nxe2+ 25. Nxe2 Rxd1 26. Rxd1 Bxe2 27. Rd7 Qc8 28. Qd2 {½-½ (28) Miguel Lago,V (2280)-Outerelo Ucha,M (2255) Pontevedra 1992}) ({RR} 21... Qc6 22. Qa3 Rc8 23. Nb2 f5 24. Qc3 Red8 25. Bf1 Bb7 26. Bg2 Qh6 27. Rcd1 Qf6 {½-½ (27) Kristiansen,T (1810)-Byklum,B (2309) Fagernes 2013}) 22. Bf1 Qa5 23. Red1 Nxe2+ 24. Qxe2 Qxa4 25. Rxd8 Rxd8 26. Qxe4 Qxa2 27. Rd1 Rf8 28. Qe7 g6 29. Rd6 h5 30. Rd4 Kg7 31. Qe5+ Kg8 32. g4 Qa1 33. gxh5 Bxc4 0-1

[Event "SWE-chT 0607"]
[Site "Sweden"]
[Date "2006.11.18"]
[Round "4"]
[White "Hillarp Persson, Tiger"]
[Black "Brynell, Stellan"]
[Result "1/2-1/2"]
[WhiteElo "2610"]
[BlackElo "2619"]
[PlyCount "111"]
[EventDate "2006.10.20"]
[EventType "team"]
[EventRounds "11"]
[EventCountry "SWE"]
[SourceTitle "EXT 2009"]
[Source "ChessBase"]
[SourceDate "2008.11.26"]
[SourceVersion "1"]
[SourceVersionDate "2008.11.26"]
[SourceQuality "1"]
[WhiteTeam "Skara"]
[BlackTeam "Limhamn"]
[WhiteTeamCountry "SWE"]
[BlackTeamCountry "SWE"]

1. d4 d5 2. c4 e6 3. Nc3 c5 4. cxd5 exd5 5. Nf3 Nc6 6. e3 Nf6 7. Bb5 Bd6 8. O-O O-O 9. dxc5 Bxc5 10. b3 Bg4 11. Bb2 Rc8 12. Rc1 Qd6 ({RR} 12... a6 13. Be2 Ba7 14. h3 Bh5 15. Nh4 Bg6 16. Nxg6 hxg6 17. Bf3 d4 18. exd4 Bxd4 19. Na4 Bxb2 20. Nxb2 Nd4 21. Rxc8 Nxf3+ 22. Qxf3 Qxc8 23. Nc4 b5 24. Ne3 Qc3 25. Qe2 Re8 26. Rd1 Qe5 27. Qc2 {Topalov,V (2793)-Karjakin,S (2767) Stavanger 2013 0-1 (64)}) ({RR} 12... Bd6 13. Be2 a6 14. Nd4 Bxe2 15. Ncxe2 Re8 16. Nf3 Ne4 17. Ng3 Bf8 18. Qd3 Nb4 19. Qb1 Rxc1 20. Rxc1 Qd7 21. Rd1 Qe6 22. a3 Nc6 23. b4 Bd6 24. Qd3 Bxg3 25. hxg3 h6 26. b5 axb5 27. Qxb5 {Xu,Y (2530)-Yang,Z (2372) Xinghua 2025 0-1 (59)}) ({RR} 12... a6 13. Be2 Ba7 14. h3 Bh5 15. Nh4 Bg6 16. Nxg6 hxg6 17. Bf3 d4 18. exd4 Bxd4 19. Na4 Bxb2 20. Nxb2 Nd4 21. Rxc8 Nxf3+ 22. Qxf3 Qxc8 23. Nc4 b5 24. Ne3 Qc3 25. Qe2 Re8 26. Rd1 Qe5 27. Qc2 {Topalov,V (2793)-Karjakin,S (2767) Stavanger 2013 0-1 (64)}) ({RR} 12... Bd6 13. Be2 a6 14. Nd4 Bxe2 15. Ncxe2 Re8 16. Nf3 Ne4 17. Ng3 Bf8 18. Qd3 Nb4 19. Qb1 Rxc1 20. Rxc1 Qd7 21. Rd1 Qe6 22. a3 Nc6 23. b4 Bd6 24. Qd3 Bxg3 25. hxg3 h6 26. b5 axb5 27. Qxb5 {Xu,Y (2530)-Yang,Z (2372) Xinghua 2025 0-1 (59)}) 13. Na4 $146 ({RR} 13. Bxc6 bxc6 14. Na4 Bb4 15. Be5 Qe7 16. Qd4 Bxf3 17. gxf3 Ne8 18. Rc2 Ba3 19. Bg3 f6 20. Nc5 g6 {1-0 (20) Ponkratov,P (2614)-Koshulyan,E (2136) Yekaterinburg RUS 2024}) ({RR} 13. Be2 a6 14. h3 Bxf3 15. Bxf3 Rfd8 16. Qc2 Ba3 17. Rfd1 Bxb2 18. Qxb2 Qe5 19. Qd2 Ne7 20. Nxd5 Nexd5 21. Rxc8 Rxc8 22. Bxd5 Nxd5 23. Qxd5 Qxd5 24. Rxd5 Kf8 25. Rd2 Rc1+ 26. Kh2 h5 27. Kg3 Ke7 {Ribli,Z (2595)-Adorjan,A (2525) Budapest 1979 1-0 (62)}) ({RR} 13. Bxc6 bxc6 14. Na4 Bb4 15. Be5 Qe7 16. Qd4 Bxf3 17. gxf3 Ne8 18. Rc2 Ba3 19. Bg3 f6 20. Nc5 g6 {1-0 (20) Ponkratov,P (2614)-Koshulyan,E (2136) Yekaterinburg RUS 2024}) ({RR} 13. Be2 a6 14. h3 Bxf3 15. Bxf3 Rfd8 16. Qc2 Ba3 17. Rfd1 Bxb2 18. Qxb2 Qe5 19. Qd2 Ne7 20. Nxd5 Nexd5 21. Rxc8 Rxc8 22. Bxd5 Nxd5 23. Qxd5 Qxd5 24. Rxd5 Kf8 25. Rd2 Rc1+ 26. Kh2 h5 27. Kg3 Ke7 {Ribli,Z (2595)-Adorjan,A (2525) Budapest 1979 1-0 (62)}) 13... Ba3 14. Bxa3 Qxa3 15. Bxc6 Bxf3 16. gxf3 Rxc6 17. Rxc6 bxc6 18. Qc2 c5 19. Rd1 h6 20. Rd3 d4 21. Qxc5 Qxa2 22. Qxd4 Qb1+ 23. Kg2 Rc8 24. Nc3 Qxb3 25. Ne4 Qe6 26. Nxf6+ Qxf6 27. Qxf6 gxf6 28. Ra3 Rc7 29. Ra6 Kg7 30. Kg3 Kg6 31. e4 Re7 32. Kg4 Kg7 33. h4 Kg6 34. Kg3 Kg7 35. Kf4 Rb7 36. Kg4 Re7 37. h5 Re5 38. Rxa7 Rg5+ 39. Kh4 Rg2 40. Ra2 Rg1 41. f4 f5 42. f3 Rh1+ 43. Kg3 fxe4 44. fxe4 Rxh5 45. e5 Rh1 46. Kg4 Rb1 47. Ra7 Re1 48. Kf5 Re2 49. Ra1 Rg2 50. Rb1 Ra2 51. Rg1+ Kf8 52. Kg4 Ra4 53. Rg3 Rb4 54. Rd3 Ra4 55. Kf3 f6 56. exf6 1/2-1/2

[Event "Moscow Aeroflot op-A"]
[Site "Moscow"]
[Date "2007.02.19"]
[Round "6"]
[White "Alekseev, Evgeny V"]
[Black "Tomashevsky, Evgeny"]
[Result "1/2-1/2"]
[WhiteElo "2661"]
[BlackElo "2624"]
[PlyCount "39"]
[EventDate "2007.02.14"]
[EventType "swiss"]
[EventRounds "9"]
[EventCountry "RUS"]
[SourceTitle "CBM 117"]
[Source "ChessBase"]
[SourceDate "2007.03.30"]
[SourceVersion "1"]
[SourceVersionDate "2007.03.30"]
[SourceQuality "1"]

1. Nf3 Nf6 2. c4 c5 3. Nc3 Nc6 4. e3 e6 5. d4 d5 6. cxd5 exd5 7. Be2 Bd6 8. O-O O-O 9. Nb5 Be7 10. dxc5 Bxc5 11. b3 Ne4 ({RR} 11... a6 12. Nbd4 Ba7 13. Bb2 Re8 14. Rc1 Qd6 15. Nxc6 bxc6 16. Bd4 Bb8 17. Qc2 Bd7 18. Rfd1 Ne4 19. g3 Qh6 20. b4 Bd6 21. a4 Bxb4 22. Ne5 Rxe5 23. Bxe5 a5 24. Bf3 Ng5 25. Bg2 Re8 26. Bf4 {Golis,W (2319)-Lalanne,P (2208) chess.com INT 2025 1-0 (52)}) ({RR} 11... a6 12. Nbd4 Ba7 13. Bb2 Re8 14. Rc1 Qd6 15. Nxc6 bxc6 16. Bd4 Bb8 17. Qc2 Bd7 18. Rfd1 Ne4 19. g3 Qh6 20. b4 Bd6 21. a4 Bxb4 22. Ne5 Rxe5 23. Bxe5 a5 24. Bf3 Ng5 25. Bg2 Re8 26. Bf4 {Golis,W (2319)-Lalanne,P (2208) chess.com INT 2025 1-0 (52)}) 12. Bb2 Re8 ({RR} 12... a6 13. Nbd4 Bd6 14. Rc1 Bd7 15. Nxc6 bxc6 16. Ne5 Qc7 17. Nxd7 Qxd7 18. Bf3 Rfe8 19. Bxe4 Rxe4 20. Qf3 a5 21. Rc2 a4 22. Rfc1 axb3 23. axb3 Rc8 24. g3 Qb7 25. Bd4 Bf8 26. Qf5 Re6 27. Qd3 {Bischoff,K (2561)-Huebner,R (2604) Playchess.com INT 2004 ½-½ (38)}) ({RR} 12... a6 13. Nbd4 Bd6 14. Rc1 Bd7 15. Nxc6 bxc6 16. Ne5 Qc7 17. Nxd7 Qxd7 18. Bf3 Rfe8 19. Bxe4 Rxe4 20. Qf3 a5 21. Rc2 a4 22. Rfc1 axb3 23. axb3 Rc8 24. g3 Qb7 25. Bd4 Bf8 26. Qf5 Re6 27. Qd3 {Bischoff,K (2561)-Huebner,R (2604) Playchess.com INT 2004 ½-½ (38)}) 13. Nbd4 Qd6 $146 ({RR} 13... Qe7 14. Rc1 Nxd4 15. Nxd4 Bd7 16. Bd3 Rac8 17. Rc2 Bd6 18. Rxc8 {½-½ (18) Agzamov,G (2435)-Tavadian,R Yerevan 1981}) ({RR} 13... Bd7 14. Nxc6 bxc6 15. Rc1 Bd6 16. b4 {½-½ (16) Segal,A-Stanciu,T Bucharest 1968}) ({RR} 13... Qe7 14. Rc1 Nxd4 15. Nxd4 Bd7 16. Bd3 Rac8 17. Rc2 Bd6 18. Rxc8 {½-½ (18) Agzamov,G (2435)-Tavadian,R Yerevan 1981}) ({RR} 13... Bd7 14. Nxc6 bxc6 15. Rc1 Bd6 16. b4 {½-½ (16) Segal,A-Stanciu,T Bucharest 1968}) 14. a3 Bb6 15. b4 Bd7 16. Qd3 a5 17. b5 Ne5 18. Nxe5 Rxe5 19. Rad1 Rae8 20. Bf3 1/2-1/2